000 00621nam a2200193Ia 4500
008 240729s9999 xx 000 0 und d
022 _a2754-2726
245 0 _aECS Sensors Plus
260 _aUnited Kingdom
260 _bIOP Publishing
650 _a Chemical technology
650 _a Electrical engineering. Electronics. Nuclear engineering
650 _a Industrial electrochemistry | Technology
650 _a Materials of engineering and construction. Mechanics of materials
650 _aTechnology
856 _uhttps://doaj.org/toc/14d5ea568cc54b10a2933964693550f5
942 _2ddc
942 _cDOAJEJ
999 _c73645
_d73645
945 _a1
_bMadushi Gamage
_c1
_dMadushi Gamage